000 00596nam a22001937a 4500
005 20251108175014.0
008 250721s2009 xx 000 0 ara d
082 1 4 _aط/551.483/فرح
100 1 _aفرحات، حمادة عزيز
245 1 0 _aنهر النيل /
264 1 _aالمنصورة :
_bالعلم والإيمان للنشر،
_c2009.
300 _a16ص.
490 0 _aأنهار العالم
650 1 7 _aالانهار الدولية
650 1 7 _aنهر النيل
653 _aمرحلة ناشؤون صغار (10-14) سنة
942 _2ddc
_cBK
999 _c123711
_d123711